logo

Bir Sreshtho Munshi Abdur Rouf Library
Jhenaidah Cadet College

কিশোর রচনাসমগ্র / (Record no. 10904)

MARC details
000 -LEADER
fixed length control field 00762nam a2200241 a 4500
001 - CONTROL NUMBER
JCCL Control Number 10904
003 - CONTROL NUMBER IDENTIFIER
JCCL marc code BD-JhCC
005 - DATE AND TIME OF LATEST TRANSACTION
control field 20200401134008.0
008 - FIXED-LENGTH DATA ELEMENTS--GENERAL INFORMATION
fixed length control field 190527b20092017bg a|||| ||a| 000 0 ben d
020 ## - INTERNATIONAL STANDARD BOOK NUMBER
International Standard Book Number 9789848798027
035 ## - SYSTEM CONTROL NUMBER
system control number (BD-JhCC)10904
040 ## - CATALOGING SOURCE
Original cataloging agency BD-JhCC
Modifying agency BD-JhCC
041 ## - LANGUAGE CODE
Language code of Book ben
082 ## - DEWEY DECIMAL CLASSIFICATION NUMBER
Classification number 891.443
Author mark and Year BON 2017
100 ## - MAIN ENTRY--PERSONAL NAME
Personal name বন্দ্যোপাধ্যায়, মানিক
245 ## - TITLE STATEMENT
Title কিশোর রচনাসমগ্র /
Statement of responsibility, etc মানিক বন্দ্যোপাধ্যায় ।
260 ## - PUBLICATION, DISTRIBUTION, ETC. (IMPRINT)
Place of publication, distribution, etc ঢাকা,
Name of publisher, distributor, etc অবসর;
Date of publication, distribution, etc ২০১৭.
300 ## - PHYSICAL DESCRIPTION
Pagination 303 p. :
Dimensions 22 cm.
650 ## - SUBJECT ADDED ENTRY--TOPICAL TERM
Topical term or geographic name as entry element Bengali Novel
700 ## - ADDED ENTRY--PERSONAL NAME
Personal name সৈয়দ আজিজুল হক
942 ## - ADDED ENTRY ELEMENTS (KOHA)
Source of classification or shelving scheme Dewey Decimal Classification
Koha item type Books
Koha issues (borrowed), all copies 7
Holdings
Source of classification or shelving scheme Damaged status Not for loan Home library Current library Shelving location Date of accession Cost, normal purchase price Total Checkouts Full call number Barcode Date last seen Date checked out Copy number Koha item type
Dewey Decimal Classification     JCC Rouf Library JCC Rouf Library General Stacks 06/23/2019 325.00 4 891.443 BON 2017 14935 04/07/2020 03/31/2020 C-1 Books

JCC Library | Contacts | JCC Home

Last Update on 23 September 2017
Copyright @ 2017-2020 JCC Rouf Library
Rouf Library, Jhenidah Cadet College (JCC), Bangladesh